000 00433nmm a2200145Ia 4500
008 251105s9999||||xx |||||||||||||||||und||
041 _aspa
100 _aMingo, Raquel
245 0 _aPara hacer contigo lo que quiera :
_b El club de los seductores 1
264 _a[Madrid, España] :
_bEdiciones B,
_c2017
300 _a695 páginas
650 _aRomance
856 _uhttps://public.digitaliapublishing.com/a/54539
942 _cCF
999 _c106322
_d106322